MARC details
| 000 -LEADER |
| fixed length control field |
04571cam a2200853 a 4500 |
| 001 - CONTROL NUMBER |
| control field |
ocm16412238 |
| 003 - CONTROL NUMBER IDENTIFIER |
| control field |
OCoLC |
| 005 - DATE AND TIME OF LATEST TRANSACTION |
| control field |
20200320221137.0 |
| 008 - FIXED-LENGTH DATA ELEMENTS--GENERAL INFORMATION |
| fixed length control field |
860826r19871900nyuaf j 000 1 eng |
| 010 ## - LIBRARY OF CONGRESS CONTROL NUMBER |
| LC control number |
86062556 |
| 019 ## - |
| -- |
503233406 |
| -- |
1034926351 |
| 020 ## - INTERNATIONAL STANDARD BOOK NUMBER |
| International Standard Book Number |
0688069444 |
| Qualifying information |
(lib. bdg.) |
| 020 ## - INTERNATIONAL STANDARD BOOK NUMBER |
| International Standard Book Number |
9780688069445 |
| Qualifying information |
(lib. bdg.) |
| 020 ## - INTERNATIONAL STANDARD BOOK NUMBER |
| International Standard Book Number |
9780060293239 |
| 020 ## - INTERNATIONAL STANDARD BOOK NUMBER |
| International Standard Book Number |
0060293233 |
| 020 ## - INTERNATIONAL STANDARD BOOK NUMBER |
| International Standard Book Number |
0688166776 |
| 020 ## - INTERNATIONAL STANDARD BOOK NUMBER |
| International Standard Book Number |
9780688166779 |
| 029 1# - (OCLC) |
| OCLC library identifier |
AU@ |
| System control number |
000020820506 |
| 029 1# - (OCLC) |
| OCLC library identifier |
NZ1 |
| System control number |
3119445 |
| 029 1# - (OCLC) |
| OCLC library identifier |
YDXCP |
| System control number |
562538 |
| 035 ## - SYSTEM CONTROL NUMBER |
| System control number |
(OCoLC)16412238 |
| Canceled/invalid control number |
(OCoLC)503233406 |
| -- |
(OCoLC)1034926351 |
| 040 ## - CATALOGING SOURCE |
| Original cataloging agency |
DLC |
| Language of cataloging |
eng |
| Transcribing agency |
DLC |
| Modifying agency |
BTCTA |
| -- |
YDXCP |
| -- |
OCLCG |
| -- |
GRR |
| -- |
VVW |
| -- |
XY4 |
| -- |
JQD |
| -- |
PFO |
| -- |
OCLCQ |
| -- |
VYG |
| -- |
OCLCA |
| -- |
OCLCQ |
| -- |
OCLCO |
| -- |
OCLCQ |
| -- |
OCLCF |
| -- |
OCLCO |
| -- |
SFR |
| -- |
ALPEL |
| -- |
VBO |
| -- |
OCLCQ |
| -- |
OCLCO |
| -- |
VKC |
| -- |
EZC |
| -- |
OCLCQ |
| -- |
CBA |
| -- |
OCLCO |
| -- |
WACOL |
| 042 ## - AUTHENTICATION CODE |
| Authentication code |
lcac |
| 049 ## - LOCAL HOLDINGS (OCLC) |
| Holding library |
WACL |
| 050 04 - LIBRARY OF CONGRESS CALL NUMBER |
| Classification number |
PZ7.B327 |
| Item number |
Wi 1987 |
| 082 00 - DEWEY DECIMAL CLASSIFICATION NUMBER |
| Classification number |
[Fic] |
| Edition number |
19 |
| 092 ## - LOCALLY ASSIGNED DEWEY CALL NUMBER (OCLC) |
| Classification number |
junior fiction |
| Item number |
Bau |
| 100 1# - MAIN ENTRY--PERSONAL NAME |
| Personal name |
Baum, L. Frank |
| Fuller form of name |
(Lyman Frank), |
| Dates associated with a name |
1856-1919. |
| 9 (RLIN) |
6006204 |
| 240 10 - UNIFORM TITLE |
| Uniform title |
<a href="Wizard of Oz">Wizard of Oz</a> |
| 245 14 - TITLE STATEMENT |
| Title |
The wonderful Wizard of Oz / |
| Statement of responsibility, etc |
by L. Frank Baum ; with pictures by W.W. Denslow. |
| 260 ## - PUBLICATION, DISTRIBUTION, ETC. (IMPRINT) |
| Place of publication, distribution, etc |
N.Y. [i.e. New York] : |
| Name of publisher, distributor, etc |
Books of Wonder : |
| -- |
W. Morrow, |
| Date of publication, distribution, etc |
©1987. |
| 300 ## - PHYSICAL DESCRIPTION |
| Extent |
267 pages, 23 unnumbered leaves of plates : |
| Other physical details |
color illustrations ; |
| Dimensions |
22 cm. |
| 336 ## - Content Type |
| Content type term |
text |
| 337 ## - Media type |
| Media type term |
unmediated |
| 338 ## - Carrier type |
| Carrier type term |
volume |
| 490 1# - SERIES STATEMENT |
| Series statement |
Books of wonder |
| 500 ## - GENERAL NOTE |
| General note |
Commonly known as: The Wizard of Oz. |
| 500 ## - GENERAL NOTE |
| General note |
Facsimile of the first edition (Chicago : G.M. Hill Co., 1900) with an afterword (p. 262-267) by Peter Glassman. |
| 505 0# - FORMATTED CONTENTS NOTE |
| Formatted contents note |
Cyclone -- Council with the Munchkins -- Dorothy saved the Scarecrow -- Road through the forest -- Rescue of the Tin Woodman -- Cowardly Lion --Journey to the Great Oz -- Deadly poppy field -- Queen of the field mice -- Guardian of the gates -- Wonderful Emerald City of Oz -- Search for the Wicked Witch -- How the four were reunited -- Winged monkeys -- Discovery of Oz the Terrible -- Magic art of the Great Humbug -- How the balloon was launched -- Away to the South -- Attacked by the Fighting Trees -- Dainty China Country -- Lion becomes the King of Beasts -- Country of the Quadlings -- Good Witch grants Dorothy's wish -- Home again. |
| 520 ## - SUMMARY, ETC. |
| Summary, etc |
After a cyclone transports her to the land of Oz, Dorothy must seek out the great wizard in order to return to Kansas. |
| 526 0# - STUDY PROGRAM INFORMATION NOTE |
| Program name |
Accelerated Reader/Renaissance Learning |
| Interest level |
MG |
| Reading level |
7.0 |
| Title point value |
7. |
| 526 0# - STUDY PROGRAM INFORMATION NOTE |
| Program name |
Accelerated Reader AR |
| Interest level |
MG |
| Reading level |
7 |
| Title point value |
7 |
| Public note |
525. |
| 521 ## - TARGET AUDIENCE NOTE |
| Target audience note |
junior fiction |
| Source |
micromarketing |
| 650 #0 - SUBJECT ADDED ENTRY--TOPICAL TERM |
| Topical term or geographic name as entry element |
Fantasy fiction |
| Form subdivision |
Juvenile fiction. |
| 9 (RLIN) |
5692309 |
| 650 #1 - SUBJECT ADDED ENTRY--TOPICAL TERM |
| Topical term or geographic name as entry element |
Fantasy. |
| 9 (RLIN) |
6006205 |
| 650 #1 - SUBJECT ADDED ENTRY--TOPICAL TERM |
| Topical term or geographic name as entry element |
Gale, Dorothy (Fictitious character) |
| Form subdivision |
Fiction. |
| 9 (RLIN) |
6006206 |
| 650 #1 - SUBJECT ADDED ENTRY--TOPICAL TERM |
| Topical term or geographic name as entry element |
Toto (Dog)(Fictitious character) |
| Form subdivision |
Fiction. |
| 9 (RLIN) |
6006207 |
| 650 #1 - SUBJECT ADDED ENTRY--TOPICAL TERM |
| Topical term or geographic name as entry element |
Wicked Witch of the West (Fictitious character) |
| Form subdivision |
Fiction. |
| 9 (RLIN) |
6006208 |
| 650 #1 - SUBJECT ADDED ENTRY--TOPICAL TERM |
| Topical term or geographic name as entry element |
Tin Woodman (Fictitious character) |
| Form subdivision |
Fiction. |
| 9 (RLIN) |
6006209 |
| 650 #1 - SUBJECT ADDED ENTRY--TOPICAL TERM |
| Topical term or geographic name as entry element |
Cowardly Lion (Fictitious character) |
| Form subdivision |
Fiction. |
| 9 (RLIN) |
6006210 |
| 650 #1 - SUBJECT ADDED ENTRY--TOPICAL TERM |
| Topical term or geographic name as entry element |
Scarecrow (Fictitious character) |
| Form subdivision |
Fiction. |
| 9 (RLIN) |
6006211 |
| 650 #1 - SUBJECT ADDED ENTRY--TOPICAL TERM |
| Topical term or geographic name as entry element |
Oz (Fictitious character) |
| Form subdivision |
Fiction. |
| 9 (RLIN) |
6006212 |
| 650 #1 - SUBJECT ADDED ENTRY--TOPICAL TERM |
| Topical term or geographic name as entry element |
Munchkins (Fictitious character) |
| Form subdivision |
Fiction. |
| 9 (RLIN) |
6006213 |
| 650 #1 - SUBJECT ADDED ENTRY--TOPICAL TERM |
| Topical term or geographic name as entry element |
Fantasy fiction, American. |
| 9 (RLIN) |
83789 |
| 650 #1 - SUBJECT ADDED ENTRY--TOPICAL TERM |
| Topical term or geographic name as entry element |
Movie novels. |
| 9 (RLIN) |
5854143 |
| 650 #7 - SUBJECT ADDED ENTRY--TOPICAL TERM |
| Topical term or geographic name as entry element |
Fantasy fiction. |
| Source of heading or term |
fast |
| -- |
(OCoLC)fst00920710 |
| 9 (RLIN) |
6006214 |
| 650 #7 - SUBJECT ADDED ENTRY--TOPICAL TERM |
| Topical term or geographic name as entry element |
Fantasy fiction. |
| Source of heading or term |
sears |
| 9 (RLIN) |
6006214 |
| 650 #7 - SUBJECT ADDED ENTRY--TOPICAL TERM |
| Topical term or geographic name as entry element |
Accelerated reader. |
| Source of heading or term |
sears |
| 9 (RLIN) |
5934563 |
| 655 #7 - INDEX TERM--GENRE/FORM |
| Genre/form data or focus term |
Fantasy fiction. |
| Source of term |
fast |
| -- |
(OCoLC)fst01726607 |
| 9 (RLIN) |
6006215 |
| 655 #7 - INDEX TERM--GENRE/FORM |
| Genre/form data or focus term |
Fiction. |
| Source of term |
fast |
| -- |
(OCoLC)fst01423787 |
| 9 (RLIN) |
5673940 |
| 655 #7 - INDEX TERM--GENRE/FORM |
| Genre/form data or focus term |
Juvenile works. |
| Source of term |
fast |
| -- |
(OCoLC)fst01411637 |
| 9 (RLIN) |
5673941 |
| 655 #7 - INDEX TERM--GENRE/FORM |
| Genre/form data or focus term |
Fantasy fiction. |
| Source of term |
gsafd |
| 9 (RLIN) |
6006215 |
| 655 #7 - INDEX TERM--GENRE/FORM |
| Genre/form data or focus term |
Fantasy fiction. |
| Source of term |
lcgft |
| 9 (RLIN) |
6006215 |
| 700 1# - ADDED ENTRY--PERSONAL NAME |
| Personal name |
Denslow, W. W. |
| Fuller form of name |
(William Wallace), |
| Dates associated with a name |
1856-1915, |
| Relator term |
illustrator. |
| 9 (RLIN) |
6006216 |
| 830 #0 - SERIES ADDED ENTRY--UNIFORM TITLE |
| Uniform title |
Books of wonder. |
| 9 (RLIN) |
37168 |
| 856 41 - ELECTRONIC LOCATION AND ACCESS |
| Uniform Resource Identifier |
<a href="http://www.read.gov/books/pageturner/2006gen32405/#page/4/mode/2up">http://www.read.gov/books/pageturner/2006gen32405/#page/4/mode/2up</a> |
| 856 41 - ELECTRONIC LOCATION AND ACCESS |
| Uniform Resource Identifier |
<a href="http://books.google.com/books?id=qbV65PabTEYC&printsec=frontcover&dq=l.+frank+baum&hl=en&ei=Mev_TOPFMcqgnAe3-7HlDQ&sa=X&oi=book_result&ct=book-preview-link&resnum=1&ved=0CDIQuwUwAA#v=onepage&q&f=false">http://books.google.com/books?id=qbV65PabTEYC&printsec=frontcover&dq=l.+frank+baum&hl=en&ei=Mev_TOPFMcqgnAe3-7HlDQ&sa=X&oi=book_result&ct=book-preview-link&resnum=1&ved=0CDIQuwUwAA#v=onepage&q&f=false</a> |
| Public note |
Connect to related website |
| 938 ## - |
| -- |
Baker and Taylor |
| -- |
BTCP |
| -- |
bl2005021331 |
| 938 ## - |
| -- |
YBP Library Services |
| -- |
YANK |
| -- |
562538 |
| 942 ## - ADDED ENTRY ELEMENTS (KOHA) |
| Koha item type |
BOOK |
| 948 ## - LOCAL PROCESSING INFORMATION (OCLC); SERIES PART DESIGNATOR (RLIN) |
| Series part designator, SPT (RLIN) |
07/02/2019 |
| z (OCLC) |
Sirsi |
| 994 ## - |
| -- |
C0 |
| -- |
WACOL |
| 996 ## - |
| -- |
167466 |
| -- |
34301001592932 |
| -- |
J |
| -- |
bk |
| -- |
wcl |
| -- |
o |
| -- |
6 |
| -- |
29.99 |
| -- |
micromarketing |
| -- |
Bau |
| -- |
07/03/2019 |
| -- |
03/03/2020 |
| -- |
03/12/2020 |